MARC

LEADER 00000nam0a2200000 4500
001 31142
005 20231030204338.0
010 |a 5020025593 
035 |a (RuTPU)RU\TPU\book\31419 
035 |a BOOK00000137 
090 |a 31142 
100 |a 20011209d2001 k y0rusy50 ca 
101 0 |a rus 
102 |a RU 
105 |a y z 001zy 
200 1 |a Гомотопии экстремальных задач  |f С. В. Емельянов [и др.] 
210 |a Москва  |c Наука  |d 2001 
215 |a 350 с. 
320 |a Библиогр.: с. 332-343. 
320 |a Предм. указ.: с. 346-350. 
610 1 |a математика 
610 1 |a экстремальные задачи 
610 1 |a гомотопии 
610 1 |a пространства 
610 1 |a линейные операторы 
610 1 |a нелинейные операторы 
610 1 |a конечномерные задачи 
610 1 |a бесконечномерные задачи 
610 1 |a индекс Конли 
675 |a 517.9  |v 3 
701 1 |a Емельянов  |b С. В.  |g Станислав Васильевич 
701 1 |a Коровин  |b С. К.  |g Сергей Константинович 
701 1 |a Бобылев  |b Н. А.  |g Николай Антонович 
701 1 |a Булатов  |b А. В.  |g Александр Вячеславович 
801 0 |a RU  |b 63413507  |c 20011209  |g PSBO 
801 2 |a RU  |b 63413507  |c 20050825  |g PSBO 
942 |c BK